01326 a2200217 4500001000500000005001700005008004100022003001500063040004000078080015100118245009300269020002200362264004900384300001900433505043400452041000800886100002000894700002100914700002700935856014600962197120260407155422.0260407a2002 arg spa dAR-UNSa-BCEJYS aAR-UNSa-BCEJYSbspacAR-UNSa-BCEJYS a001.8xMetodología. Estudio general del método. Procedimientos científicos y técnicos para el estudio, La investigación y la discusión10aIntroducción a la metodología de la investigación aplicada al saber administrativo a978-987-1076-09-3 1aBuenos Aires :bEdiciones Cooperativasc2002 a176 p.c20 cm. a1. ¿Qué significa investigar? - 2. ¿Cómo elaborar el marco teórico? - 3. ¿Qué diseño de investigación es más adecuado para el proyecto que pienso llevar a cabo? - 4. ¿De quiénes predicar? ¿Cuál es el proceso de construcción de nuestras unidades de análisis? - 5. ¿Cómo se recolectan los datos? - 6. ¿Cómo pasar de los hechos a la reflexión sobre los mismos? - 7. ¿Cómo exponer los hallazgos? aspa1 aFassio, Adriana1 aPascual, Liliana1 aSuárez, Francisco M.41uhttps://biblioeco.unsa.edu.ar/pmb/images/libros/Introduccion a la metodologia de la investigacion2-l118271.jpgyImagen de portadaqimage/jpeg